| 000 -LEADER |
| fixed length control field |
00816nam a22002533 r4500 |
| 001 - CONTROL NUMBER |
| control field |
183594 |
| 003 - CONTROL NUMBER IDENTIFIER |
| control field |
LIBRIS |
| 005 - DATE AND TIME OF LATEST TRANSACTION |
| control field |
20210420054231.0 |
| 008 - FIXED-LENGTH DATA ELEMENTS--GENERAL INFORMATION |
| fixed length control field |
011211s1978 000 0 und c |
| 020 ## - INTERNATIONAL STANDARD BOOK NUMBER |
| International Standard Book Number |
0306351919 |
| 040 ## - CATALOGING SOURCE |
| Original cataloging agency |
AK |
| Transcribing agency |
DLC |
| 080 ## - UNIVERSAL DECIMAL CLASSIFICATION NUMBER |
| Universal Decimal Classification number |
616.8 |
| Item number |
M-37 |
| 100 ## - MAIN ENTRY--PERSONAL NAME |
| 9 (RLIN) |
351 |
| Personal name |
Masterton,R.Bruce |
| Relator term |
editor |
| 245 00 - TITLE STATEMENT |
| Title |
Handbook of behavioral neurobiology. |
| Number of part/section of a work |
Vol. 1, |
| Name of part/section of a work |
Sensory integration / |
| Statement of responsibility, etc. |
ed. by R. Bruce Masterton |
| 260 ## - PUBLICATION, DISTRIBUTION, ETC. |
| Place of publication, distribution, etc. |
New York : |
| Name of publisher, distributor, etc. |
Plenum, |
| Date of publication, distribution, etc. |
1978 |
| 300 ## - PHYSICAL DESCRIPTION |
| Extent |
579 |
| Dimensions |
ill |
| 650 #0 - SUBJECT ADDED ENTRY--TOPICAL TERM |
| 9 (RLIN) |
352 |
| Topical term or geographic name entry element |
Handbook of Behavioral Neurobiology |
| 653 ## - INDEX TERM--UNCONTROLLED |
| Uncontrolled term |
მედიცინა |
| 653 ## - INDEX TERM--UNCONTROLLED |
| Uncontrolled term |
ნევროლოგია |
| 700 1# - ADDED ENTRY--PERSONAL NAME |
| Personal name |
Masterton, R. Bruce |
| Relationship |
edt |
| 740 0# - ADDED ENTRY--UNCONTROLLED RELATED/ANALYTICAL TITLE |
| Uncontrolled related/analytical title |
Sensory integration |
| 772 00 - SUPPLEMENT PARENT ENTRY |
| Control subfield |
nn |
| Title |
Handbook of behavioral neurobiology |
| Place, publisher, and date of publication |
New York : Plenum, 1978- |
| Record control number |
990171589X |
| 942 ## - ADDED ENTRY ELEMENTS (KOHA) |
| Source of classification or shelving scheme |
|
| Koha item type |
Books |